| 000 | 00431nam a22001697a 4500 | ||
|---|---|---|---|
| 003 | MPLRDC | ||
| 005 | 20220104144400.0 | ||
| 008 | 210129b ||||| |||| 00| 0 eng d | ||
| 082 | _a448.6 XZ v.1 c.2 | ||
| 100 | _a许照译 | ||
| 245 |
_a基本电子学, 2 _c |
||
| 260 |
_a _b徐氏基金会出版 _c |
||
| 300 | _b平 | ||
| 490 | _a实用科学丛书,新加坡工艺中学适用 | ||
| 650 | _a | ||
| 942 |
_cBK _o448.6 XZ v.1 c.2 |
||
| 999 |
_c49070 _d49060 |
||